000 00635nam a22001937a 4500
005 20100821121436.0
010 _aENG-101251
020 _a8190320807
_c150.00
035 _aEN-84784
037 _bDBAD/PUB
082 _a954
245 _aRati ghati yudh /
_c edited by Chakravarti narayanb shrimali
260 _aBikaner
_bGanraj Prakashan
_c2007
270 _aBrahampuri Chowk
_bBikaner
300 _a56p
_c25cm(Hb)
700 _aShrimali Chakravarti Narayan
_915887
942 _2ddc
_cEN
_h954
_mRAT
999 _c42853
_d42853